Zhodnotenie finančnej výkonnosti

Predkladaný príspevok pojednáva o zhodnotení finančnej výkonnosti podnikov ovplyvnených koronakrízou využitím banktrotného modelu. Cieľom príspevku je zhodnotenie finančnej výkonnosti podnikov prešovského okresu pôsobiacich v odvetví, ktoré počas koronakrízy zaznamenalo najvyšší pokles EBITDA.

Na minha lista:
Detalhes bibliográficos
Autor principal: Bednárová, Juliána, 1996-
Formato: Capítulo de Livro
Idioma:eslovaco
Assuntos:
Tags: Adicionar Tag
Sem tags, seja o primeiro a adicionar uma tag!

MARC

LEADER 00000naa$a2200000$$$4500
001 0290297
005 20240502074446.8
041 0 |a slo 
044 |a SK 
245 1 0 |a Zhodnotenie finančnej výkonnosti  |c Juliána Bednárová 
520 |a Predkladaný príspevok pojednáva o zhodnotení finančnej výkonnosti podnikov ovplyvnených koronakrízou využitím banktrotného modelu. Cieľom príspevku je zhodnotenie finančnej výkonnosti podnikov prešovského okresu pôsobiacich v odvetví, ktoré počas koronakrízy zaznamenalo najvyšší pokles EBITDA. 
610 2 0 |a modelovanie 
610 2 0 |a bankrot 
610 2 0 |a podnik 
610 2 0 |a výkonnosť podniku 
610 2 0 |a koronakríza 
100 1 |a Bednárová, Juliána, 1996-